| 000 | 00715nam a22002297a 4500 | ||
|---|---|---|---|
| 005 | 20170124110016.0 | ||
| 010 | _aB-217707 | ||
| 020 |
_c750.00 _a81885838630200 |
||
| 035 | _aB-217707 | ||
| 037 | _bCen Lib/Ret | ||
| 040 |
_aDPL _bEN |
||
| 082 |
_a338.4791 _bDIX |
||
| 100 |
_aDixit, Saurabh K _918736 |
||
| 245 |
_aTourism organisation / _cby Saurabh K. Dixit |
||
| 260 |
_aNew Delhi _bReference Press |
||
| 270 |
_a4831/24, Ansari Road Darya Ganj _bNew Delhi _e110002 |
||
| 300 |
_a351p. _c21cm(Hb) |
||
| 500 | _aIncludes bibliographic references and index | ||
| 650 |
_aTourism--Management _910879 |
||
| 650 |
_aTourism--Personnel management _918737 |
||
| 942 |
_2ddc _cEN _h338.4791 _mDIX |
||
| 999 |
_c126880 _d126880 |
||